| 000 | 00908nam a2200205 i 4500 | ||
|---|---|---|---|
| 001 | 152853 | ||
| 003 | ES-MaACL | ||
| 005 | 20230906204910.0 | ||
| 008 | 021031s1845 fr aef |||| | fre d | ||
| 040 |
_aCCPB | B _bspa _cCCPB | B |
||
| 100 | 1 |
_aBurat, Amedée. _932573 |
|
| 245 | 1 | 0 |
_aThéorie des gites métallifères _b: appuyée sur la description des principaux types du Harz, de la Saxe, des Provinces Rhénanes, de la Toscane, etc. / _cpar Amédée Burat. |
| 260 |
_aParis : _bLanglois et Leclerq ; _aLeipsig : _bchez Léopold Michelsen ; _aAlger : _bchez Dubos frères, _c1845 ( _eParis : _fimprimerie de Gustav Gratiot) |
||
| 300 |
_a358 p., [2] h. de planos pleg., [8] h. de grab. : _bil. ; _c22 cm. |
||
| 490 | 1 | _aÉtude sur les mines | |
| 650 | 4 |
_aRecursos minerales. _9136812 |
|
| 830 | 0 |
_aÉtude sur les mines _9221372 |
|
| 852 |
_aES-MaACL _jB-7689 _z-- Enc. tela |
||
| 999 |
_c152853 _d152853 |
||